[Event "Waterkloof op"]
[Site "Pretoria"]
[Date "2017.03.05"]
[Round "6"]
[White "Mwale, Joseph"]
[Black "Mnguni, Jacob Dumisani"]
[Result "0-1"]
[WhiteElo "2132"]
[BlackElo "2132"]
[PlyCount "84"]
[EventDate "2017.03.02"]
[EventType "swiss"]
[EventRounds "6"]
[EventCountry "RSA"]
[SourceTitle "EXT 2018"]
[Source "ChessBase"]
[SourceDate "2017.10.13"]
[SourceVersion "1"]
[SourceVersionDate "2017.10.13"]
[SourceQuality "1"]

1. Nf3 d5 2. g3 c6 3. Bg2 Bg4 4. 0-0 Nd7 5. d4 Ngf6 6. c4 e6 7. b3 Be7 8. Nc3 a6 9. Ne5 Nxe5 10. dxe5 Nd7 11. Qd4 Bh5 12. cxd5 cxd5 13. e4 Bc5 14. Qd2 d4 15. Na4 Ba7 16. Ba3 b5 17. Nb2 d3 18. Qxd3 Nxe5 19. Qxd8+ Rxd8 20. Rac1 Bd4 21. Rc7 Nd7 22. Nd3 Be2 23. Re1 Bxd3 24. Rd1 Bb6 25. Rb7 Bc5 26. b4 Bd4 27. Rxd3 Ne5 28. Rb3 Ng4 29. Rf3 0-0 30. Bc1 Rc8 31. Bf4 e5 32. Bg5 Nxf2 33. Be3 Ng4 34. Bxd4 exd4 35. Bh3 Rc1+ 36. Rf1 Rxf1+ 37. Kxf1 Ne5 38. Ke2 Rd8 39. Rc7 d3+ 40. Kd2 Nc4+ 41. Kc3 d2 42. Bg4 Ne3 0-1

[Event "Waterkloof op"]
[Site "Pretoria"]
[Date "2017.03.04"]
[Round "3"]
[White "Mabusela, Johannes Manyedi"]
[Black "Mnguni, Jacob Dumisani"]
[Result "1-0"]
[WhiteElo "2227"]
[BlackElo "2132"]
[PlyCount "69"]
[EventDate "2017.03.02"]
[EventType "swiss"]
[EventRounds "6"]
[EventCountry "RSA"]
[SourceTitle "CBM 177 Extra"]
[Source "ChessBase"]
[SourceDate "2017.04.27"]
[SourceVersion "1"]
[SourceVersionDate "2017.04.27"]
[SourceQuality "1"]

1. Nf3 d5 2. g3 c6 3. Bg2 Bg4 4. 0-0 Nd7 5. d3 Ngf6 6. Nbd2 e5 7. c4 Bd6 8. cxd5 cxd5 9. h3 Bf5 10. e4 dxe4 11. dxe4 Be6 12. Ng5 Qe7 13. Nxe6 Qxe6 14. b3 0-0 15. Nc4 Bc5 16. Bb2 b5 17. Na3 a6 18. Nc2 a5 19. Qe2 b4 20. Ne3 a4 21. Nd5 Ra7 22. Rac1 axb3 23. axb3 Ra2 24. Rc2 Nxd5 25. exd5 Qb6 26. Kh2 f5 27. Rd1 e4 28. Bf1 Rf7 29. Qb5 Qa7 30. d6 Ra5 31. Qc6 Bxf2 32. Bc4 Bxg3+ 33. Kxg3 h5 34. Bd4 f4+ 35. Kh2 1-0

[Event "Waterkloof op"]
[Site "Pretoria"]
[Date "2017.03.04"]
[Round "4"]
[White "Mnguni, Jacob Dumisani"]
[Black "Makoto, Rodwell"]
[Result "1-0"]
[WhiteElo "2132"]
[BlackElo "2391"]
[PlyCount "77"]
[EventDate "2017.03.02"]
[EventType "swiss"]
[EventRounds "6"]
[EventCountry "RSA"]
[SourceTitle "CBM 177 Extra"]
[Source "ChessBase"]
[SourceDate "2017.04.27"]
[SourceVersion "1"]
[SourceVersionDate "2017.04.27"]
[SourceQuality "1"]

1. c4 e6 2. g3 d5 3. Bg2 Nf6 4. Nf3 dxc4 5. Qa4+ Bd7 6. Qxc4 Bc6 7. Nc3 a6 8. a4 b5 9. Qb3 b4 10. Nb1 Bd6 11. 0-0 0-0 12. a5 Bd5 13. Qc2 Nc6 14. d3 Bxf3 15. exf3 Ne7 16. Nd2 Nfd5 17. Re1 Qd7 18. f4 Rab8 19. Qc4 Qb5 20. Nb3 Nf5 21. Be3 Rfd8 22. Bf1 Qb7 23. Bc5 Ra8 24. Rac1 h5 25. Bg2 Rd7 26. d4 h4 27. g4 h3 28. Bxd5 exd5 29. Qd3 Ne7 30. f5 Bf4 31. Rc2 Nc6 32. Qf3 Bg5 33. Qg3 Qb5 34. Rce2 Be7 35. g5 Bxc5 36. Nxc5 Rdd8 37. g6 fxg6 38. Qxg6 Nxd4 39. Re7 1-0

[Event "Waterkloof op"]
[Site "Pretoria"]
[Date "2017.03.02"]
[Round "1"]
[White "Klevansky, Aron"]
[Black "Mnguni, Jacob Dumisani"]
[Result "0-1"]
[WhiteElo "1816"]
[BlackElo "2132"]
[PlyCount "112"]
[EventDate "2017.03.02"]
[EventType "swiss"]
[EventRounds "6"]
[EventCountry "RSA"]
[SourceTitle "CBM 177 Extra"]
[Source "ChessBase"]
[SourceDate "2017.04.27"]
[SourceVersion "1"]
[SourceVersionDate "2017.04.27"]
[SourceQuality "1"]

1. e4 c5 2. Nf3 e6 3. d4 cxd4 4. Nxd4 Nf6 5. Bd3 Be7 6. c4 0-0 7. 0-0 d6 8. Nc3 Nbd7 9. Qe2 a6 10. f4 Qc7 11. Bd2 b6 12. Rae1 Bb7 13. e5 dxe5 14. fxe5 Bc5 15. Rf4 Nxe5 16. Qxe5 Qxe5 17. Rxe5 Rad8 18. Nd5 Nd7 19. Rh5 g6 20. Rh6 e5 21. Rfh4 exd4 22. Rxh7 Ne5 23. Bg5 f6 24. Rh8+ Kf7 25. R4h7+ Ke6 26. Nf4+ Kd6 27. Rxf8 Rxf8 28. Bh6 Rb8 29. a3 g5 30. b4 gxf4 31. Bxf4 Bc6 32. h4 Rg8 33. g3 Ke6 34. Bxe5 fxe5 35. Rh6+ Ke7 36. Rxc6 Rxg3+ 37. Kf2 Rxd3 38. bxc5 bxc5 39. Rxc5 Kf6 40. Rc6+ Kf5 41. Rxa6 e4 42. Ke2 Rh3 43. h5 Rh2+ 44. Kd1 d3 45. Rd6 Kf4 46. Rg6 Ke3 47. Rg3+ Kd4 48. Rg4 Rxh5 49. a4 Ra5 50. c5 Rxc5 51. Kd2 Rc2+ 52. Kd1 Ra2 53. Rg8 e3 54. Rd8+ Kc3 55. Rc8+ Kb3 56. Rb8+ Ka3 0-1